| 000 | 00505nam a22001697a 4500 | ||
|---|---|---|---|
| 003 | CEME | ||
| 005 | 20210628210402.0 | ||
| 008 | 210216b xxu||||| |||| 00| 0 eng d | ||
| 040 | _c. | ||
| 082 | _a923.1 THR | ||
| 100 |
_aAslam Khokar _979166 |
||
| 245 | _aTeen azeem fateh henni ball.zaheer uddub babar.suleman ali shah | ||
| 260 |
_aLAHORE _bFICTION HOUSE _c2000 |
||
| 300 | _a423P | ||
| 650 |
_aBIOGRAPHY-HENNI BALL BIOGRAPHY-ZAHEER UDDUB BABAR BIOGRAPHY-SULEMAN ALI SHAH _979167 |
||
| 942 |
_cBK _2ddc |
||
| 999 |
_c584226 _d584226 |
||